| 000 | 00450pab a2200181 454500 | ||
|---|---|---|---|
| 008 | 180718b2010 xxu||||| |||| 00| 0 eng d | ||
| 100 | _aCardoso, Ana Rute | ||
| 245 | _aTrends in economic research: An international perspective | ||
| 260 | _c2010 | ||
| 300 | _ap.479-494. | ||
| 362 | _aNov | ||
| 650 | _aEconomic research | ||
| 700 | _aZimmermann, Klaus F. | ||
| 700 | _aGuimaraes, Paulo | ||
| 773 | _aKyklos | ||
| 908 | _aN | ||
| 909 | _a89737 | ||
| 999 |
_c89737 _d89737 |
||